Authors - Statistics

General Stats
  • This quiz has been taken 46 times
  • The average score is 14 of 20
Answer Stats
Hint Answer % Correct
Agatha Christie
97%
Harper Lee
97%
Jane Austen
95%
Charles Dickens
95%
F. Scott Fitzgerald
95%
Stephen King
95%
J.K. Rowling
95%
Bram Stoker
90%
Mary Shelley
87%
Alexandre Dumas
82%
Emily Bronte
79%
Arthur C. Clarke
64%
Kingsley Amis
59%
Enid Blyton
59%
Dean Koontz
54%
Hilary Mantel
44%
Lee Child
41%
Jonathon Swift
38%
Minette Walters
38%
H.E. Bates
31%
No matching quizzes found
Score Distribution
Percent of People with Each Score
Percentile by Number Answered
Your Score History
You have not taken this quiz